<?xml version="1.0" encoding="UTF-8"?>
<record
    xmlns:xsi="http://www.w3.org/2001/XMLSchema-instance"
    xsi:schemaLocation="http://www.loc.gov/MARC21/slim http://www.loc.gov/standards/marcxml/schema/MARC21slim.xsd"
    xmlns="http://www.loc.gov/MARC21/slim">

  <leader>00892nam a22002537a 4500</leader>
  <controlfield tag="003">IT-MiCISF</controlfield>
  <controlfield tag="005">20201022202902.0</controlfield>
  <controlfield tag="008">201022b           ||||| |||| 00| 0 eng d</controlfield>
  <datafield tag="040" ind1=" " ind2=" ">
    <subfield code="c">IT-MiCISF</subfield>
  </datafield>
  <datafield tag="041" ind1=" " ind2=" ">
    <subfield code="a">it</subfield>
  </datafield>
  <datafield tag="100" ind1=" " ind2=" ">
    <subfield code="a">Pati Luigi (et al.)</subfield>
    <subfield code="9">57707</subfield>
  </datafield>
  <datafield tag="210" ind1=" " ind2=" ">
    <subfield code="a">La Famiglia</subfield>
  </datafield>
  <datafield tag="222" ind1=" " ind2=" ">
    <subfield code="a">03922774</subfield>
  </datafield>
  <datafield tag="245" ind1=" " ind2=" ">
    <subfield code="a">La famiglia anziana</subfield>
  </datafield>
  <datafield tag="260" ind1=" " ind2=" ">
    <subfield code="c">2018</subfield>
  </datafield>
  <datafield tag="300" ind1=" " ind2=" ">
    <subfield code="a">pp. 5-210</subfield>
  </datafield>
  <datafield tag="310" ind1=" " ind2=" ">
    <subfield code="a">annuale</subfield>
  </datafield>
  <datafield tag="362" ind1=" " ind2=" ">
    <subfield code="a">n. 52</subfield>
  </datafield>
  <datafield tag="500" ind1=" " ind2=" ">
    <subfield code="a">anziani, famiglia, invecchiamento, popolazione, nuovi-media, qualit&#xE0;-della-vita, coppia, rapporti-nonni-nipoti, divorzio, handicap</subfield>
  </datafield>
  <datafield tag="650" ind1=" " ind2=" ">
    <subfield code="a">terza-et&#xE0;</subfield>
    <subfield code="9">56147</subfield>
  </datafield>
  <datafield tag="654" ind1=" " ind2=" ">
    <subfield code="a">dossier</subfield>
  </datafield>
  <datafield tag="700" ind1=" " ind2=" ">
    <subfield code="a">Santerini M.</subfield>
    <subfield code="a">Aroldi P.</subfield>
    <subfield code="a">Cristini C.</subfield>
    <subfield code="a">Rondini S.</subfield>
    <subfield code="a">Franchini R.</subfield>
    <subfield code="a">Deluigi R.</subfield>
    <subfield code="a">Vinciguerra M.</subfield>
    <subfield code="a">Amadini M.</subfield>
    <subfield code="a">Iafrate R.</subfield>
    <subfield code="a">Donato S.</subfield>
    <subfield code="a">Dozza L.</subfield>
    <subfield code="a">Gall M.</subfield>
    <subfield code="a">Broccoli A.</subfield>
    <subfield code="a">Cadei L.</subfield>
    <subfield code="a">Elia G.</subfield>
    <subfield code="a">Montanari I.</subfield>
    <subfield code="a">Cesa-Bianchi G.</subfield>
    <subfield code="9">58625</subfield>
  </datafield>
  <datafield tag="942" ind1=" " ind2=" ">
    <subfield code="2">ddc</subfield>
    <subfield code="c">CR</subfield>
  </datafield>
  <datafield tag="999" ind1=" " ind2=" ">
    <subfield code="c">359031</subfield>
    <subfield code="d">359031</subfield>
  </datafield>
  <datafield tag="952" ind1=" " ind2=" ">
    <subfield code="0">0</subfield>
    <subfield code="1">0</subfield>
    <subfield code="2">ddc</subfield>
    <subfield code="4">0</subfield>
    <subfield code="6">A_03R028</subfield>
    <subfield code="7">1</subfield>
    <subfield code="a">CISF</subfield>
    <subfield code="b">CISF</subfield>
    <subfield code="d">2020-10-22</subfield>
    <subfield code="l">0</subfield>
    <subfield code="o">A03-R028</subfield>
    <subfield code="r">2020-10-22 00:00:00</subfield>
    <subfield code="w">2020-10-22</subfield>
    <subfield code="y">CR</subfield>
  </datafield>
</record>
